[Event "Kiel op-A 26th"]
[Site "Kiel"]
[Date "2013.07.27"]
[Round "1"]
[White "Neitzel, Mirko"]
[Black "Eberhardt, Michael"]
[Result "1-0"]
[WhiteElo "1960"]
[BlackElo "1739"]
[PlyCount "81"]
[EventDate "2013.07.27"]
[EventType "swiss"]
[EventRounds "9"]
[EventCountry "GER"]
[SourceTitle "EXT 2018"]
[Source "ChessBase"]
[SourceDate "2017.10.13"]
[SourceVersion "1"]
[SourceVersionDate "2017.10.13"]
[SourceQuality "1"]

1. c4 c5 2. Nc3 Nc6 3. g3 e6 4. Bg2 Nf6 5. Nf3 d5 6. cxd5 exd5 7. d4 Be7 8. 0-0 0-0 9. b3 Bg4 10. dxc5 Bxc5 11. Bb2 Qd7 12. Rc1 Rad8 13. Nb5 Be7 14. Nbd4 Nxd4 15. Qxd4 b6 16. Ne5 Qf5 17. Nxg4 Qxg4 18. Qxg4 Nxg4 19. Rc7 Bf6 20. Bxf6 Nxf6 21. Rxa7 Ra8 22. Rxa8 Rxa8 23. Rc1 Kf8 24. a4 b5 25. axb5 Ra5 26. Rc5 Ra1+ 27. Bf1 Rb1 28. Rc3 Ne4 29. Rd3 Nc5 30. Rxd5 Nxb3 31. e4 Na5 32. b6 Nb7 33. Rb5 Rc1 34. Kg2 Ke7 35. Rb4 Kd6 36. Ba6 Kc5 37. Rb2 Kc6 38. Be2 Nc5 39. Bf3 Kb7 40. e5+ Kb8 41. Ra2 1-0

[Event "Kiel op 25th"]
[Site "Kiel"]
[Date "2012.07.28"]
[Round "1"]
[White "Neitzel, Mirko"]
[Black "Floren, Dieter"]
[Result "1/2-1/2"]
[WhiteElo "1906"]
[BlackElo "1556"]
[PlyCount "106"]
[EventDate "2012.07.28"]
[EventType "swiss"]
[EventRounds "9"]
[EventCountry "GER"]
[SourceTitle "EXT 2015"]
[Source "ChessBase"]
[SourceDate "2014.11.20"]
[SourceVersion "1"]
[SourceVersionDate "2014.11.20"]
[SourceQuality "1"]

1. e4 d6 2. d4 Nf6 3. Nc3 e5 4. Nf3 Nbd7 5. Bc4 Be7 6. 0-0 0-0 7. Qe2 c6 8. a4 a5 9. Bg5 h6 10. Bh4 Qb6 11. dxe5 dxe5 12. Rab1 Re8 13. Bg3 Bf8 14. Ba2 Qc7 15. Rfd1 Nh5 16. Nh4 Ndf6 17. Nf5 Nxg3 18. hxg3 Be6 19. Bxe6 Rxe6 20. Qc4 Rc8 21. Rd2 g6 22. Nh4 Kg7 23. Rbd1 Rd6 24. Rxd6 Bxd6 25. Kf1 Bb4 26. Rd3 Bxc3 27. Rxc3 Rd8 28. Rd3 Ng4 29. Rxd8 Qxd8 30. Qe2 Nf6 31. Nf3 Qd6 32. b3 Qc5 33. Ne1 Qd4 34. Nd3 Nxe4 35. Ne1 f6 36. Nf3 Qa1+ 37. Ne1 Qd4 38. Nf3 Qb4 39. Qd3 Ng5 40. Qd7+ Nf7 41. Ke2 Qe4+ 42. Kf1 b6 43. Qb7 Qxc2 44. Qxb6 Qd1+ 45. Ne1 Qd5 46. Nf3 h5 47. Ke2 Nd6 48. Qc7+ Kh6 49. Qe7 Ne4 50. Qf8+ Kh7 51. Qe7+ Kh8 52. Qf8+ Kh7 53. Qe7+ Kh8 1/2-1/2

[Event "Schleswig Holstein-ch U18"]
[Site "Neumuenster"]
[Date "2011.04.26"]
[Round "3.4"]
[White "Schwarzat, Julian"]
[Black "Neitzel, Mirko"]
[Result "1/2-1/2"]
[WhiteElo "2007"]
[BlackElo "1884"]
[PlyCount "29"]
[EventDate "2011.04.25"]
[EventType "tourn"]
[EventRounds "9"]
[EventCountry "GER"]
[SourceTitle "EXT 2022"]
[Source "ChessBase"]
[SourceDate "2021.10.06"]
[SourceVersion "1"]
[SourceVersionDate "2021.10.06"]
[SourceQuality "1"]

1. e4 c5 2. Nf3 Nc6 3. b3 e5 4. Bb2 d6 5. Bb5 Nge7 6. 0-0 g6 7. d3 Bg7 8. Nfd2 0-0 9. Bxc6 Nxc6 10. Nc3 Be6 11. Nc4 d5 12. exd5 Bxd5 13. Nxd5 Qxd5 14. a4 Rad8 15. Qe1 1/2-1/2

[Event "Kiel op 22nd"]
[Site "Kiel"]
[Date "2009.08.03"]
[Round "3"]
[White "Neitzel, Mirko"]
[Black "Ghadimi, Mohammed Reza"]
[Result "0-1"]
[WhiteElo "1841"]
[BlackElo "2115"]
[PlyCount "60"]
[EventDate "2009.08.01"]
[EventType "swiss"]
[EventRounds "7"]
[EventCountry "GER"]
[SourceTitle "EXT 2010"]
[Source "ChessBase"]
[SourceDate "2010.11.25"]
[SourceVersion "1"]
[SourceVersionDate "2010.11.25"]
[SourceQuality "1"]

1. c4 e5 2. Nc3 Nf6 3. g3 d5 4. cxd5 Nxd5 5. Bg2 Nb6 6. Nf3 Nc6 7. 0-0 Be7 8. a3 a5 9. d3 0-0 10. Be3 Re8 11. Rc1 Bf8 12. Qc2 Nd4 13. Bxd4 exd4 14. Ne4 c6 15. Nc5 Nd7 16. b4 axb4 17. axb4 Nxc5 18. bxc5 Ra5 19. Ra1 Bxc5 20. Qb2 Rb5 21. Qc2 Be6 22. Rfb1 Qb6 23. Rxb5 cxb5 24. Rc1 Rc8 25. Qd2 f6 26. Qb2 Ra8 27. Ra1 Rxa1+ 28. Qxa1 b4 29. Qa4 Kf7 30. Nd2 b3 0-1

[Event "GER-ch U25 op"]
[Site "Willingen"]
[Date "2009.06.05"]
[Round "8"]
[White "Laqua, Stefan"]
[Black "Neitzel, Mirko"]
[Result "1/2-1/2"]
[WhiteElo "1744"]
[BlackElo "1810"]
[PlyCount "30"]
[EventDate "2009.05.30"]
[EventType "swiss"]
[EventRounds "9"]
[EventCountry "GER"]
[SourceTitle "EXT 2010"]
[Source "ChessBase"]
[SourceDate "2010.11.25"]
[SourceVersion "1"]
[SourceVersionDate "2010.11.25"]
[SourceQuality "1"]

1. e4 c5 2. Nf3 Nc6 3. d4 cxd4 4. Nxd4 g6 5. Be3 Bg7 6. Nc3 Nf6 7. Bc4 0-0 8. Bb3 a5 9. f3 d5 10. exd5 Nb4 11. Nde2 a4 12. Bc4 Bf5 13. Nd4 Bc8 14. Ndb5 Bf5 15. Nd4 Bc8 1/2-1/2

[Event "Kiel Cup U18"]
[Site "Kiel"]
[Date "2008.10.17"]
[Round "5.4"]
[White "Magnussen, Helge"]
[Black "Neitzel, Mirko"]
[Result "1-0"]
[WhiteElo "2021"]
[BlackElo "1815"]
[PlyCount "49"]
[EventDate "2008.10.16"]
[EventType "team-swiss"]
[EventRounds "7"]
[EventCountry "GER"]
[SourceTitle "EXT 2011"]
[Source "ChessBase"]
[SourceDate "2010.11.26"]
[SourceVersion "1"]
[SourceVersionDate "2010.11.26"]
[SourceQuality "1"]

1. d4 Nf6 2. c4 g6 3. g3 Bg7 4. Bg2 0-0 5. Nf3 d6 6. 0-0 Nc6 7. h3 a6 8. Nc3 Rb8 9. e4 e5 10. Be3 exd4 11. Nxd4 Ne5 12. Qe2 Be6 13. b3 Bd7 14. Rad1 Qc8 15. Kh2 Nc6 16. f4 Re8 17. Qf2 Kh8 18. Qd2 Nxd4 19. Bxd4 Bc6 20. g4 Kg8 21. e5 dxe5 22. fxe5 Nd7 23. e6 Rxe6 24. Bxc6 bxc6 25. Bxg7 1-0

[Event "GER North-chT U16"]
[Site "Verden an der Aller"]
[Date "2008.09.14"]
[Round "6.4"]
[White "Tarouchkin, Alexander"]
[Black "Neitzel, Mirko"]
[Result "1/2-1/2"]
[WhiteElo "1108"]
[BlackElo "1725"]
[PlyCount "70"]
[EventDate "2008.09.12"]
[EventType "team-swiss"]
[EventRounds "6"]
[EventCountry "GER"]
[SourceTitle "EXT 2011"]
[Source "ChessBase"]
[SourceDate "2010.11.26"]
[SourceVersion "1"]
[SourceVersionDate "2010.11.26"]
[SourceQuality "1"]
[WhiteTeam "Magdeburg Aufbau Elbe"]
[BlackTeam "Segeberg SF"]
[WhiteTeamCountry "GER"]
[BlackTeamCountry "GER"]

1. e4 c5 2. Nc3 Nc6 3. d3 d6 4. g3 g6 5. Bg2 Bg7 6. f4 e6 7. Nf3 Nge7 8. 0-0 0-0 9. Be3 Nd4 10. Kh1 Nec6 11. a3 Rb8 12. Bf2 b5 13. h3 a5 14. Rb1 b4 15. axb4 axb4 16. Nxd4 Nxd4 17. Ne2 Nxe2 18. Qxe2 Bb7 19. Rfd1 Qc7 20. Kh2 Rfc8 21. h4 Ra8 22. Rd2 Qb6 23. b3 Ra2 24. Bh3 Rca8 25. Rdd1 Qc7 26. Be1 Qc6 27. g4 d5 28. e5 d4 29. Rd2 Qh1+ 30. Kg3 Qg1+ 31. Bg2 Ra1 32. Rbd1 Qxg2+ 33. Qxg2 Bxg2 34. Kxg2 Rxd1 35. Rxd1 Ra2 1/2-1/2